000 00394nam a2200157 a 4500
082 0 0 _a954.91
_bVOR
100 _aVorys, Karl Von
245 _aPolitical Development in Pakistan
260 _aPrinceton
_bPrinceton University Press
_c1965
300 _a341p
500 _aincludes index and biblioraphy
505 2 _aIndex
650 _aPakistan-History
700 1 _aVorys, Karl Von
942 _cBK
999 _c70
_d70